00283pab a2200097 454500008003600000100002000036245008300056650001600139650001200155773001800167180718b xxu||||| |||| 00| 0 eng d aSubrahmanyam, D aFinancing urban poverty alleviation: should it be normative or market oriented a Urban Poor aPoverty aCivic Affairs